Effective academic writing / (Record no. 21000)
[ view plain ]
| 000 -LEADER | |
|---|---|
| fixed length control field | 01364cam a22003375a 4500 |
| 001 - CONTROL NUMBER | |
| control field | 16310781 |
| 003 - CONTROL NUMBER IDENTIFIER | |
| control field | EG-ScBUE |
| 005 - DATE AND TIME OF LATEST TRANSACTION | |
| control field | 20200203133913.0 |
| 008 - FIXED-LENGTH DATA ELEMENTS--GENERAL INFORMATION | |
| fixed length control field | 100630s2006 nyua f f000 0 eng d |
| 020 ## - INTERNATIONAL STANDARD BOOK NUMBER | |
| International Standard Book Number | 9780194309240 (Student book 3) |
| 040 ## - CATALOGING SOURCE | |
| Original cataloging agency | DLC |
| Language of cataloging | eng |
| Description conventions | rda |
| Transcribing agency | DLC |
| Modifying agency | EG-ScBUE |
| 082 04 - DEWEY DECIMAL CLASSIFICATION NUMBER | |
| Classification number | 808.042 |
| Item number | DAV |
| Edition number | 22 |
| 100 1# - MAIN ENTRY--PERSONAL NAME | |
| Personal name | Davis, Jason, |
| Relator term | author. |
| 9 (RLIN) | 38590 |
| 245 10 - TITLE STATEMENT | |
| Title | Effective academic writing / |
| Statement of responsibility, etc | Jason Davis, Bronx Community College, City University of New York, Rhonda Liss, Bronx Community College, City University of New York. |
| 264 #1 - PUBLICATION, DISTRIBUTION, ETC. (IMPRINT) | |
| Place of publication, distribution, etc | New York : |
| Name of publisher, distributor, etc | Oxford University Press, |
| Date of publication, distribution, etc | 2006. |
| 300 ## - PHYSICAL DESCRIPTION | |
| Extent | 3 volumes : |
| Other physical details | illustrations ; |
| Dimensions | 28 cm |
| 336 ## - CONTENT TYPE | |
| Source | rdacontent |
| Content type term | text |
| Content type code | txt |
| 337 ## - MEDIA TYPE | |
| Source | rdamedia |
| Media type term | unmediated |
| Media type code | n |
| 338 ## - CARRIER TYPE | |
| Source | rdacarrier |
| Carrier type term | volume |
| Carrier type code | nc |
| 500 ## - GENERAL NOTE | |
| General note | Includes appendices. |
| 505 0# - FORMATTED CONTENTS NOTE | |
| Formatted contents note | Volume 3. The essay. |
| 520 ## - SUMMARY, ETC. | |
| Summary, etc | Effective Academic Writing presents the writing modes and rhetorical devices students need to succeed in an academic setting. |
| 650 #7 - SUBJECT ADDED ENTRY--TOPICAL TERM | |
| Topical term or geographic name as entry element | English language |
| General subdivision | Rhetoric |
| Form subdivision | Problems, exercises, etc. |
| Source of heading or term | BUEsh |
| 650 #7 - SUBJECT ADDED ENTRY--TOPICAL TERM | |
| Topical term or geographic name as entry element | Essay |
| General subdivision | Authorship |
| Form subdivision | Problems, exercises, etc. |
| Source of heading or term | BUEsh |
| 9 (RLIN) | 36246 |
| 650 #7 - SUBJECT ADDED ENTRY--TOPICAL TERM | |
| Topical term or geographic name as entry element | Report writing |
| Form subdivision | Problems, exercises, etc. |
| Source of heading or term | BUEsh |
| 651 ## - SUBJECT ADDED ENTRY--GEOGRAPHIC NAME | |
| Source of heading or term | BUEsh |
| 653 ## - INDEX TERM--UNCONTROLLED | |
| Arrived date list | October2015 |
| Resource For college | Humanities: Chinese |
| 655 ## - INDEX TERM--GENRE/FORM | |
| Form subdivision | Reading book |
| 700 1# - ADDED ENTRY--PERSONAL NAME | |
| Personal name | Liss, Rhonda, |
| Relator term | author. |
| 9 (RLIN) | 39372 |
| 942 ## - ADDED ENTRY ELEMENTS (KOHA) | |
| Source of classification or shelving scheme | Dewey Decimal Classification |
| Call number prefix | 808.042 DAV |
| Koha item type | Book - Borrowing |
| Withdrawn status | Lost status | Source of classification or shelving scheme | Damaged status | Not for loan | Collection code | Home library | Current library | Shelving location | Date acquired | Source of acquisition | Total Checkouts | Full call number | Barcode | Date last seen | Date checked out | Price effective from | Koha item type | Total Renewals | Public note |
|---|---|---|---|---|---|---|---|---|---|---|---|---|---|---|---|---|---|---|---|
| Dewey Decimal Classification | Baccah | Central Library | Central Library | Second Floor | 28/10/2015 | Purchase | 1 | 808.0428 DAV | 000031204 | 15/07/2025 | 14/02/2017 | 28/10/2015 | Book - Borrowing | ||||||
| Dewey Decimal Classification | Baccah | Central Library | Central Library | Second Floor | 28/10/2015 | Purchase | 808.0428 DAV | 000031197 | 15/07/2025 | 28/10/2015 | Book - Borrowing | ||||||||
| Dewey Decimal Classification | Baccah | Central Library | Central Library | Second Floor | 28/10/2015 | Purchase | 808.0428 DAV | 000031198 | 15/07/2025 | 28/10/2015 | Book - Borrowing | ||||||||
| Dewey Decimal Classification | Central Library | Central Library | Second Floor | 10/05/2018 | 2 | 808.0428 DAV | 000047738 | 15/07/2025 | 11/09/2019 | 10/05/2018 | Book - Borrowing | 6 | v. 3 | ||||||
| Dewey Decimal Classification | Donation-Gift | Central Library | Central Library | Second Floor | 28/11/2022 | Donation | 808.042 DAV | 000056572 | 15/07/2025 | 28/11/2022 | NB - Book (Non borrowing) |